|
|
|
|
| LEADER |
00000nab a2200000 a 4500 |
| 001 |
vtls000873574 |
| 003 |
SK-MaSNL |
| 005 |
20260318122104.0 |
| 008 |
160318c2004 xo 0 hun |
| 015 |
|
|
|a SNBRB2004/05-16118
|
| 035 |
|
|
|a CLN000225126
|
| 040 |
|
|
|a SNKBUCL
|b slo
|c SNKBUCL
|e AACR2
|
| 041 |
0 |
|
|a hun
|
| 044 |
|
|
|a xo
|c SK
|
| 080 |
|
|
|a 75.071.1:061.4
|2 UDC-MRF-SK2
|
| 080 |
|
|
|a 027.53(437.6)
|2 UDC-MRF-SK2
|
| 080 |
|
|
|a 821.511.141 (437.6):929
|2 UDC-MRF-SK2
|
| 080 |
|
|
|a 82:929:821.511.141 (437.6)
|2 UDC-MRF-SK2
|
| 100 |
1 |
|
|a Szaszák, György,
|d 1953-
|4 aut
|9 182261
|
| 245 |
1 |
0 |
|a Cseh főhajtás Márai előtt
|b a kiállított képeket Josef Cisařovský [t.j. Císařovský] az író két művének hatására alkotta meg
|c Szaszák György
|
| 600 |
1 |
7 |
|a Márai, Sándor,
|d 1900-1989
|2 snkbucl
|9 87418
|
| 600 |
1 |
7 |
|a Císařovský, Josef
|d 1926-
|x výstavy
|z Košice (Slovensko)
|y 2004
|2 snkbucl
|9 1591570
|
| 610 |
|
7 |
|a Verejná knižnica Jána Bocatia v Košiciach
|2 snkbucl
|9 29554
|
| 651 |
|
7 |
|a Košice (Slovensko)
|2 snkbucl
|9 18694
|
| 773 |
0 |
|
|t Új szó
|g Roč. 57, č. 94 (23.4.2004), s. 4
|
| 850 |
|
|
|a Slovenská národná knižnica v Martine
|
| 852 |
|
|
|a SNK
|b KIS3GCP
|
| 958 |
|
|
|a SK
|
| 958 |
|
|
|a HU
|
| 958 |
|
|
|a CZ
|
| 958 |
|
|
|a LX
|
| 958 |
|
|
|a RBX
|
| 999 |
|
|
|c 3266313
|d 3268243
|